Extreme French Cities - Sudden Death - Statistics

General Stats
  • This quiz has been taken 103 times
  • The average score is 6 of 16
Answers on the Grid
Answers color-coded by a green-red scale on the quiz's grid according to % correct below.
Perrin
Vertou
Hebert
La Ciotat
Ouillins
Miramas
Gros
Haguenau
Joseph
Cenon
Menton
Seguin
Guyon
Armentières
Alfortville
Sauvageboeuf
Valence
Marseille
Dos Santos
Lyon
Salmon
Ledoux
Grasse
Narbonne
Rochedan
Bernierville
Cergy
Leducville
Chretien
Dax
 
Answer Stats
Answer % Correct
Lyon
83%
Marseille
80%
Valence
57%
Narbonne
55%
Menton
46%
Grasse
41%
Dax
38%
Cergy
37%
La Ciotat
30%
Haguenau
29%
Armentières
28%
Alfortville
22%
Ouillins
18%
Miramas
13%
Cenon
12%
Vertou
9%
No matching quizzes found
Score Distribution
Percent of People with Each Score
Percentile by Number Answered
Your Score History
You have not taken this quiz